Top 100 2025 NBA Scorers - Statistics

General Stats
  • This quiz has been taken 205 times
  • The average score is 56 of 100
Answer Stats
Hint Answer % Correct
2. MIL/PF Giannis Antetokounmpo
99%
3. DEN/C Nikola Jokic
99%
1. OKC/PG Shai Gilgeous-Alexander
99%
5. BOS/PF Jayson Tatum
98%
13. LAL/SF Lebron James
97%
11. GSW/PG Stephen Curry
97%
4. MIN/SG Anthony Edwards
96%
10. MIL/PG Damian Lillard
96%
8. NYK/PG Jalen Brunson
96%
9. PHO/PG Devin Booker
95%
7.DET/PG Cade Cunningham
94%
16. CLE/SG Donovan Mitchell
94%
12. NYK/C Karl Anthony-Towns
94%
6. PHO/SF Kevin Durant
94%
22. BOS/SF Jaylen Brown
93%
14. ATL/PG Trae Young
93%
20. LAC/PG James Harden
92%
18.SAN/PG De'Aaron Fox
90%
97. DET/C Jalen Duren
90%
17.MIA/PG Tyler Herro
90%
15. ORL/SF Franz Wagner
86%
19. SAC/SG Zach Lavine
86%
21.SAC/SF Demar Derozan
85%
23. MEM/PF Jaren Jackson Jr.
85%
26. DEN/PG Jamal Murray
84%
90. SAC/PF Keegan Murray
83%
25. OKC/SG Jalen Williams
81%
38. SAC/C Domantas Sabonis
79%
29. CLE/PG Darius Garland
78%
41. IND/PG Tyrese Haliburton
78%
47. MIA/C Bam Adebayo
77%
56. BOS/SG Derrick White
77%
91. SAC/PF Harrison Barnes
77%
33. IND/PF Pascal Siakam
77%
35. TOR/SF Scottie Barnes
77%
31. CHI/SG Coby White
76%
34.LAL/SG Austin Reaves
75%
28. HOU/SG Jalen Green
75%
50. NYK/SG Mikal Bridges
75%
32. CHA/PF Miles Bridges
75%
40. MIN/PF Julius Randle
74%
39. HOU/C Alperen Sengun
73%
43. CLE/PF Evan Mobley
73%
55. LAC/C Ivica Zubac
69%
37. MEM/SG Desmond Bane
68%
46. DEN/SF Michael Porter Jr.
67%
30. WAS/PG Jordan Poole
66%
44. CHI/C Nikola Vucevic
66%
27. TOR/SG RJ Barrett
63%
73. DAL/SG Klay Thompson
61%
48. NYK/SF Og Anunoby
61%
60. IND/C Myles Turner
58%
76. CLE/C Jarrett Allen
57%
70. HOU/PG Fred Vanvleet
55%
36. POR/SG Anfernee Simons
54%
49. MIA/SF Andrew Wiggins
53%
45. UTA/SG Collin Sexton
53%
65. CHI/PG Josh Giddey
51%
95. MIN/C Rudy Gobert
49%
64. SAS/PG Stephon Castle
49%
75. NYK/PF Josh Hart
48%
51. SAC/SG Malik Monk
48%
84. SAS/SF Keldon Johnson
47%
67. BOS/PG Payton Pritchard
47%
78. DEN/PG Russell Westbrook
47%
63. MIL/SF Kyle Kuzma
46%
82. MIL/C Brook Lopez
44%
68. MIN/PF Naz Reid
42%
58. SAS/SG Devin Vassell
41%
52. CLE/SF Deandre Hunter
37%
72. HOU/SF Dillon Brooks
37%
93. MIN/SF Jaden Mcdaniels
37%
74. DET/SF Tobias Harris
35%
85. POR/PG Scoot Henderson
34%
80. LAL/SF Rui Hachimura
32%
57. DET/SG Malik Beasley
31%
62. PHI/SF Kelly Oubre Jr.
26%
86. BKN/PG D'Angelo Russell
25%
99. MIN/SG Donte DiVincenzo
25%
87. ATL/SF Zaccharie Risacher
25%
98. GSW/SG Brandin Podziemski
23%
71. HOU/SF Amen Thompson
22%
81. DET/PG Dennis Schroder
22%
94. ATL/SF Caris LeVert
20%
61. DEN/SG Christian Braun
15%
89. MEM/PF Santi Aldama
15%
69. ATL/SG Dyson Daniels
13%
83. WAS/C Alex Sarr
2%
92. WAS/SF Bilal Coulibaly
2%
96. OKC/SG Aaron Wiggins
1%
59. IND/SF Benedict Mathurin
1%
54. UTA/PG Keyonte George
1%
66. PHI/SG Quentin Grimes
1%
42. POR/SF Shaedon Sharpe
1%
88. CLE/SG Ty Jerome
1%
100. WAS/SF Corey Kispert
0%
53. POR/PF Deni Advija
0%
79. DAL/SF Naji Marshall
0%
24. LAC/SG Normal Powell
0%
77. ATL/PF Onyeka Onkungwo
0%
No matching quizzes found
Score Distribution
Percent of People with Each Score
Percentile by Number Answered
Your Score History
You have not taken this quiz